New Zealand Rugby All Blacks - Wins in a tryless test - Statistics

General Stats
  • This quiz has been taken 44 times
  • The average score is 7 of 10
Answer Stats
Year Score Opponent % Correct
1928 7-6 South Africa
85%
1996 15-11 South Africa
80%
1954 3-0 Scotland
78%
1991 6-3 Australia
73%
2002 12-6 Australia
73%
1985 18-13 England
73%
1959 18-17 British and Irish Lions
71%
2001 12-3 South Africa
71%
1963 6-0 Wales
61%
1968 9-3 France
54%
No matching quizzes found
Score Distribution
Percent of People with Each Score
Percentile by Number Answered
Your Score History
You have not taken this quiz